01183cam a2200313 a 450000100100000000500170001000800410002702000240006802000310009204000230012308200210014624500860016726000780025330000270033150000350035865000500039365000270044370000300047070000250050070000320052570000300055770000310058770000260061870000260064471000260067091000340069695201240073099900150085400000312920200929150334.0960508s1995 ck c b 001 m spa  a9589430015 (tomo 1) a9589430007 (obra completa) aDO-SdBNPcDLCdDLC a792.09861bA634t00aAntología del teatro experimental en Bogotá /cFernando Duque Mesa...[et al]. aSantafé de Bogotá :bInstituto Distrital de Cultura y Turismo,c1995. at. :bretrs. ;c24 cm. aLa biblioteca posee el tomo 1. 4aTeatro experimentalzColombiaxHistoria99868 4aDrama colombiano998691 aGarcía, Santiago.998701 aAssad, José.998711 aReyes, Carlos José.998721 aTorres, Críspulo.998731 aAfanador Soto, Hugo.998741 aMoreu, Darío.998751 aPizarro, Mabel.998762 aTeatro Quimera.99877 aCatalogación por copia / LC 001052708MOaGRbGRcCTd2009-07-06iLF1l0o792.09861 A634tp3129-10r2020-06-25w2020-06-25y2ZPréstamo interno c2960d2960